| 000 | 01023nab a2200229 i 4500 | ||
|---|---|---|---|
| 001 | 768714001 | ||
| 003 | CO-MdFUSB | ||
| 005 | 20240717093855.0 | ||
| 008 | 240717t1971 ck ||||| |||| 00| 0 spa d | ||
| 040 |
_bspa _cCO-MdFUSB _dCO-MdFUSB |
||
| 041 | _aspa | ||
| 100 |
_aGiraldo, Alberto, _eautor |
||
| 245 |
_aEl sacerdote a la luz del Vaticano II _c/ Alberto Giraldo |
||
| 520 | _aLa historia de la Salvación presenta un estilo bien especial de Pedagogía Divina. Cuando el Señor quiere que Israel recupere la fidelidad a los compromisos de la Alianza, le crea angustia, enemistad y persecución de los vecinos, enfermedades y sequías. | ||
| 650 | 7 |
_aIglesia _9655 |
|
| 650 | 7 |
_aCristología _9239 |
|
| 650 | 0 |
_aMisiones _9154 |
|
| 650 | 7 |
_aClero -- _bActividad política _941 |
|
| 773 | 0 |
_070111 _982800 _dBogotá, Colombia : _oR2663 _tEcclesiastica Xaveriana _w(CO-MdFUSB)768714001 _gVolumen 21, (número 1, 1971) páginas: 50 - 66 _qpágina: 50 |
|
| 942 | _cANA | ||
| 945 | _aCatherine Arias Álvarez - Practicante SENA | ||
| 999 |
_c70498 _d70498 |
||